Na šábes se nevraždí /
Detektivní příběh odehrávající se v současné Praze, ve kterém ale stále rezonují dozvuky válečných let.
Uloženo v:
| Hlavní autor: | |
|---|---|
| Médium: | E-kniha |
| Jazyk: | Czech |
| Vydáno: |
Brno :
MOBA,
2015
|
| Vydání: | Vyd. 1. |
| Edice: | Původní česká detektivka
Krimi (MOBA) |
| Témata: | |
| Tagy: |
Žádné tagy |
| LEADER | 02028nam a2200409 a 4500 | ||
|---|---|---|---|
| 001 | 297685 | ||
| 003 | CZ PrSKC | ||
| 005 | 20260422063111.0 | ||
| 007 | ta | ||
| 008 | 150130s2015 xr g 000 f cze | ||
| 015 | |a cnb002662160 | ||
| 020 | |a 9788024364513 |q (váz.) | ||
| 035 | |a (OCoLC)904580619 | ||
| 040 | |a OLA001 |b cze | ||
| 072 | 7 | |a 821.162.3-3 |x Česká próza |2 Konspekt | |
| 080 | |a 821.162.3-31 |2 MRF | ||
| 080 | |a (0:82-312.4) |2 MRF | ||
| 100 | 1 | |a Eidler, Petr, |d 1958- |7 mzk2006331530 |4 aut | |
| 245 | 1 | 0 | |a Na šábes se nevraždí / |c Petr Eidler |
| 250 | |a Vyd. 1. | ||
| 260 | |a Brno : |b MOBA, |c 2015 | ||
| 300 | |a 255 s. ; |c 19 cm | ||
| 490 | 1 | |a Původní česká detektivka ; |v sv. 211 | |
| 490 | 1 | |a Krimi | |
| 520 | 2 | |a Detektivní příběh odehrávající se v současné Praze, ve kterém ale stále rezonují dozvuky válečných let. | |
| 520 | 2 | |a V pražském domově pro židovské obyvatele přeživší holocaust dojde ke dvěma náhlým úmrtím klientů. Protože vedení nechce v ústavu, kde žijí velmi staří lidé, vyvolat paniku, najme si na doporučení rabínovy manželky soukromého detektiva, aby celou záležitost co možná nejdiskrétněji prošetřil. Detektivovu domněnku, že bude třeba pátrat v minulosti, brzy potvrdí náhodný nález jednoho válečného deníku... Nakladatelská anotace. | |
| 655 | 7 | |a české romány |7 fd133974 |2 czenas | |
| 655 | 7 | |a detektivní romány |7 fd132010 |2 czenas | |
| 655 | 9 | |a Czech fiction |2 eczenas | |
| 655 | 9 | |a detective novels |2 eczenas | |
| 830 | 0 | |a Původní česká detektivka | |
| 830 | 0 | |a Krimi (MOBA) | |
| 900 | |a ABA001 |b 17 | ||
| 044 | |a xr | ||
| 910 | |a RBIT002 | ||
| 998 | |d 175169 |a https://core.palmknihy.cz/api/books/175169/cover?4wctsh |b https://core.palmknihy.cz/api/books/175169/cover/400?x6vc4l |c https://core.palmknihy.cz/api/books/175169/cover/50?g1mps |e 2032-04-07 |g 256 |i 9788024364513 |j https://core.palmknihy.cz/api/books/175169/preview.epub |l |q 49 |r 1 |s https://www.palmknihy.cz/kniha/175169 |t ebook |y 2017 |z 0 | ||
| 999 | |d 297683 | ||